Statistics for Best white NBA players of all time

Click here to take the quiz!

General Stats

  • This quiz has been taken 293 times
    (250 since last reset)
  • The average score is 8 of 20

Answer Stats

Answer% Correct
Larry Bird
91%
Dirk Nowitzki
68%
Steve Nash
66%
John Stockton
62%
Jerry West
61%
Jason Kidd
53%
Bob Cousy
51%
Nikola Jokic
49%
Bob Pettit
44%
John Havlicek
44%
Kevin McHale
41%
George Mikan
36%
Bill Walton
29%
Pete Maravich
29%
Rick Barry
22%
Dave Cowens
20%
Chris Mullin
17%
Dolph Schayes
14%
Paul Arizin
12%
Jerry Lucas
9%

Score Distribution

Percentile by Number Answered

Percent of People with Each Score

Your Score History

You have not taken this quiz since the last reset